Prečo sú niektoré sektory v tranzitívnych ekonomikách menej reformované ako ostatné? prípad výskumu a vzdelávania v oblasti ekonómie

Vývoj produkcie počas tranzitívneho obdobia. Ekonomický výskum počas socializmu. Zlyhanie trhu a cesta reformy počas tranzitívneho obdobia. Výskum a vzdelávanie v oblasti ekonómie: prípadová štúdia z Českej republiky a Slovenska. Produktivita ekonomického výskumu v Českej republike a na Slovensku .

Guardado en:
Detalles Bibliográficos
Autor principal: Ciaian, Pavel
Otros Autores: Pokrivčák, Ján, Drábik, Dušan
Formato: Capítulo de libro
Lenguaje:eslovaco
Materias:
Etiquetas: Agregar Etiqueta
Sin Etiquetas, Sea el primero en etiquetar este registro!

MARC

LEADER 00000naa$a2200000$$$4500
001 0088826
005 20231019131502.4
041 0 |a slo 
044 |a CZ 
245 1 0 |a Prečo sú niektoré sektory v tranzitívnych ekonomikách menej reformované ako ostatné?  |b prípad výskumu a vzdelávania v oblasti ekonómie  |c Pavel Ciaian, Ján Pokrivčák, Dušan Drábik 
520 |a Vývoj produkcie počas tranzitívneho obdobia. Ekonomický výskum počas socializmu. Zlyhanie trhu a cesta reformy počas tranzitívneho obdobia. Výskum a vzdelávanie v oblasti ekonómie: prípadová štúdia z Českej republiky a Slovenska. Produktivita ekonomického výskumu v Českej republike a na Slovensku . 
610 2 0 |a Česko 
610 2 0 |a Slovensko 
610 2 0 |a výskum ekonomický 
610 2 0 |a vzdelávanie 
610 2 0 |a reformy 
610 2 0 |a krajiny tranzitívne 
610 2 0 |a socializmus 
100 1 |a Ciaian, Pavel 
700 1 |a Pokrivčák, Ján 
700 1 |a Drábik, Dušan